000 00313nam a2200121Ia 4500
005 20251222154410.0
008 251222s9999||||xx |||||||||||||| ||spa||
020 _a84-206-0270-1
082 _a868.9/G76
100 _a"Goytisolo Gay, Luis"
245 0 _aLos verdes de mayo hasta el mar: Antagonía 2
942 _cLIB
999 _c35625
_d35625